00288nam a2200097 a 4500008004100000050001600041100002000057245006600077260003800143350000900181120416s1977 ||||||||||||||||| || u aHG 3898 Dre aDreyer, Jacob S10aComposite reserve assets in the international monetary system aGreenwich, Conn.bJAI Pressc1977 a0.00